00342nam a22001097a 4500008004100000082001500041100000800056245009400064260005100158300000900209440001400218230621b xxu||||| |||| 00| 0 eng d a328.4bSOC cSOC aThe Table bThe Journal of the Society of Clerks-at-the-table in Commonwealth Parliaments aLondonbBrendan Keith and Philippa Helmec1990 a216p vvolume 58